Power electronics (Record no. 5373)

MARC details
000 -LEADER
fixed length control field 00342nam a2200145Ia 4500
008 - FIXED-LENGTH DATA ELEMENTS--GENERAL INFORMATION
fixed length control field 150201s2007 xx 000 0 und d
082 ## - DEWEY DECIMAL CLASSIFICATION NUMBER
Classification number 658.381
Item number GUP
100 ## - MAIN ENTRY--PERSONAL NAME
Personal name Gupta,B.R
245 ## - TITLE STATEMENT
Title Power electronics
250 ## - EDITION STATEMENT
Edition statement 5th Ed.
260 ## - PUBLICATION, DISTRIBUTION, ETC. (IMPRINT)
Name of publisher, distributor, etc. S.K. Kataria & SONS
Place of publication, distribution, etc. N.Delhi
Date of publication, distribution, etc. 2007
300 ## - PHYSICAL DESCRIPTION
Extent 593p.
700 ## - ADDED ENTRY--PERSONAL NAME
Personal name Singhal,V
942 ## - ADDED ENTRY ELEMENTS (KOHA)
Source of classification or shelving scheme Dewey Decimal Classification
Koha item type Books
Holdings
Withdrawn status Lost status Source of classification or shelving scheme Damaged status Not for loan Home library Current library Date acquired SGTU Full call number Barcode Date last seen Bill Date Koha item type
    Dewey Decimal Classification     SGT Engineering Library SGT Engineering Library 16/10/2011 SGTU 658.381 GUP FE4267 09/02/2015 09/02/2015 Gifted Books